Statistics for Largest U.S. Cities in Yellowstone's Eruption Zone

Click here to take the quiz!

General Stats

  • This quiz has been taken 18,909 times
    (8,604 since last reset)
  • The average score is 13 of 20

Answers on the Map

Answers color-coded by a green-red scale on the quiz's map according to % correct below.
 

Answer Stats

PopulationCity% Correct
2,985,871Denver
96%
1,266,191Salt Lake City
94%
811,336Boise
91%
2,209,494Kansas City
90%
729,053Des Moines
77%
976,671Omaha
76%
765,424Colorado Springs
74%
342,448Lincoln
73%
231,783Topeka
67%
258,663Fargo
64%
190,208Billings
63%
289,592Sioux Falls
63%
650,039Wichita
63%
327,468Boulder
57%
715,001Provo
55%
713,839Ogden
38%
366,778Fort Collins
36%
206,549Bend
33%
214,630Columbia
27%
350,176Greeley
19%

Score Distribution

Percentile by Number Answered

Percent of People with Each Score

Your Score History

You have not taken this quiz since the last reset